| 000 | 00587nam a22001457a 4500 | ||
|---|---|---|---|
| 008 | 090825s xxu||||| |||| 00| 0 ara d | ||
| 082 |
_222 _a257 _bع م ا |
||
| 245 |
_aالاسلام و اصول الحكم لعلى عبد الرازق: _bدراسة و وثائق/ _cمحمد عمارة |
||
| 250 | _aط عربية جديدة | ||
| 260 |
_aبيروت: _bالمؤسسة العربية للدراسات و النشر، _c2000 |
||
| 300 |
_a189 ص؛ _c24 سم |
||
| 504 | _aيحتوى على ببليوجرافية | ||
| 650 |
_98601 _aالاسلام _xنظام الحكم |
||
| 942 |
_2ddc _cBB |
||
| 999 |
_c12685 _d12685 |
||